000 00452nam a2200145 4500
999 _c6299
_d6299
008 170220b xxu||||| |||| 00| 0 eng d
082 _aDPer 910.5 T69 Jan-Aug 2015 v. 1-4
100 _918921
_aGo, Marbee Shing
245 _aRed carpet treatment/
_cMarbee Shing Go.,
260 _aPhilippines:
_bOne Mega Group,
_c©2015.
300 _av4, page 30:
_billustrations;
_c28 cm.
500 _aTravel Now.
650 0 _918922
_aAirlines
942 _2ddc
_cPER